Intenzita práce a kvázi-nezamestnanosť slovenských domácností v roku 2014

Stupne intenzity práce domácností. Opis vstupných vysvetľujúcich premenných. Analýza individuálneho vplyvu relevantných faktorov na intenzitu práce slovenských domácností v roku 2014.

Guardado en:
Detalles Bibliográficos
Autor principal: Šoltés, Erik, 1974-
Otros Autores: Šoltésová, Tatiana, 1975-
Formato: Capítulo de libro
Lenguaje:eslovaco
Materias:
Etiquetas: Agregar Etiqueta
Sin Etiquetas, Sea el primero en etiquetar este registro!

MARC

LEADER 00000naa$a2200000$$$4500
001 0239047
005 20240502073853.9
041 0 |a slo 
044 |a SK 
245 1 0 |a Intenzita práce a kvázi-nezamestnanosť slovenských domácností v roku 2014  |c Erik Šoltés, Tatiana Šoltésová 
520 |a Stupne intenzity práce domácností. Opis vstupných vysvetľujúcich premenných. Analýza individuálneho vplyvu relevantných faktorov na intenzitu práce slovenských domácností v roku 2014. 
610 2 0 |a práca 
610 2 0 |a intenzita práce 
610 2 0 |a domácnosti 
610 2 0 |a štatistika 
610 2 0 |a analýza štatistická 
610 2 0 |a Slovensko 
100 1 |a Šoltés, Erik, 1974- 
700 1 |a Šoltésová, Tatiana, 1975-